[Event "LTU-chT 2019"]
[Site "Lithuania"]
[Date "2019.01.26"]
[Round "1"]
[White "Malisauskas, Vidmantas"]
[Black "Eigminas, Kipras"]
[Result "*"]
[WhiteElo "2451"]
[BlackElo "2034"]
[Annotator "TA"]
[PlyCount "21"]
[EventDate "2019.01.26"]
[EventType "team-tourn"]
[EventCountry "LTU"]
[SourceTitle "playchess.com"]
[Source "ChessBase"]
[SourceQuality "1"]

{[%evp 14,21,-7,-34,0,1,35,27,31,18]} 1. d4 Nf6 2. c4 c5 3. Nf3 cxd4 4. Nxd4 e5 5. Nc2 d5 6. cxd5 Qxd5 7. Qxd5 Nxd5 8. g3 {LiveBook: 14 Games. A31: Symmetrical English: 2 Nf3 Nf6 3 d4} (8. e4 Nb4 9. Nxb4 Bxb4+ 10. Bd2 Bxd2+ 11. Nxd2 Ke7 12. Bc4 Nc6 13. Rc1 Rd8 14. Nf3 Bg4 15. Bd5 Bxf3 16. gxf3 Nd4 17. Kd2 Ne6 18. Ke3 {0-1 (45) Ftacnik,L (2548)-Salem,A (2628) Baku 2016}) 8... Bd7 9. Bg2 Bc6 10. O-O Nc7 $146 ({Predecessor:} 10... Nb4 11. Nxb4 Bxb4 12. a3 Bc5 13. Nc3 Bxg2 14. Kxg2 Nc6 15. b4 Bd4 {½-½ (43) Horak,J (2360)-Klimes,M (2100) Czechia 1997}) 11. Nc3 *

[Event "LTU-chT 2019"]
[Site "Lithuania"]
[Date "2019.01.26"]
[Round "1"]
[White "Vaznonis, Vytautas"]
[Black "Paulauskas, Andrius"]
[Result "1-0"]
[WhiteElo "2388"]
[BlackElo "1867"]
[Annotator "NA"]
[PlyCount "97"]
[EventDate "2019.01.26"]
[EventType "team-tourn"]
[EventCountry "LTU"]
[SourceTitle "playchess.com"]
[Source "ChessBase"]
[SourceQuality "1"]
[TimeControl "40/5400+30:1800+30"]

1. d4 {[%emt 0:00:00]} d5 {[%emt 0:01:35]} 2. c4 {[%emt 0:01:03]} c6 {[%emt 0:00:08]} 3. Nf3 {[%emt 0:00:06]} Nf6 {[%emt 0:00:06]} 4. e3 {[%emt 0:00:45]} Nbd7 {[%emt 0:00:11]} 5. Bd3 {[%emt 0:01:22]} e6 {[%emt 0:00:28]} 6. Nbd2 {[%emt 0:01:48]} Bd6 {[%emt 0:00:28]} 7. O-O {[%emt 0:00:13]} O-O {[%emt 0:00:33]} 8. e4 {[%emt 0:00:09]} dxe4 {[%emt 0:01:07]} 9. Nxe4 {[%emt 0:00:07]} Nxe4 {[%emt 0:00:32]} 10. Bxe4 {[%emt 0:00:08]} h6 {[%emt 0:02:48]} 11. Bc2 {[%emt 0:05:35]} e5 {[%emt 0:01:12]} 12. Re1 {[%emt 0:14:30]} exd4 {[%emt 0:03:21]} 13. Qxd4 {[%emt 0:00:47]} Nf6 {[%emt 0:07:39]} 14. Qc3 {[%emt 0:20:45]} (14. Rd1 $16 Bc7 15. Qh4) 14... Be6 $14 {[%emt 0:07:40]} 15. Be3 {[%emt 0:14:09]} Qe7 {[%emt 0:05:43]} 16. c5 {[%emt 0:09:47]} Bc7 {[%emt 0:01:19]} 17. Nd4 {[%emt 0:00:47]} Be5 {[%emt 0:04:45]} 18. f4 {[%emt 0:03:43]} Bxd4 {[%emt 0:04:20]} 19. Bxd4 {[%emt 0:00:38]} Nd5 {[%emt 0:01:34]} 20. Qg3 {[%emt 0:01:21]} Nf6 {[%emt 0:04:26]} 21. f5 {[%emt 0:00:32]} Qd8 {[%emt 0:00:56]} 22. Bxf6 {[%emt 0:00:41]} Qxf6 {[%emt 0:00:04]} 23. fxe6 {[%emt 0:00:29]} fxe6 {[%emt 0:00:53]} 24. Qd3 {[%emt 0:02:07]} Qf2+ {[%emt 0:01:26]} 25. Kh1 {[%emt 0:00:07]} Rf5 {[%emt 0:03:45]} 26. Rf1 {[%emt 0:02:33]} Qxc5 {[%emt 0:00:34]} 27. Rxf5 {[%emt 0:01:39]} exf5 {[%emt 0:00:06]} 28. Qxf5 {[%emt 0:00:24]} Qxf5 {[%emt 0:00:12]} 29. Bxf5 {[%emt 0:00:06]} Rd8 {[%emt 0:00:33]} 30. h4 {[%emt 0:00:20]} g5 {[%emt 0:01:09]} 31. hxg5 {[%emt 0:00:25]} hxg5 {[%emt 0:00:05]} 32. Be6+ {[%emt 0:01:01]} Kg7 {[%emt 0:00:40]} 33. Rf1 {[%emt 0:00:20]} Re8 {[%emt 0:02:50]} 34. Rf7+ {[%emt 0:00:22]} Kg6 {[%emt 0:00:07]} 35. Bb3 {[%emt 0:00:13]} Kh5 {[%emt 0:02:09]} 36. Rxb7 {[%emt 0:01:29]} Kg4 {[%emt 0:00:18]} 37. Kh2 {[%emt 0:02:50]} Rh8+ {[%emt 0:00:24]} 38. Kg1 {[%emt 0:00:10]} Re8 {[%emt 0:01:38]} 39. Bd1+ {[%emt 0:01:05]} Kg3 {[%emt 0:00:41]} 40. Rb3+ {[%emt 0:00:18]} Kf4 {[%emt 0:00:05]} 41. Kf2 {[%emt 0:31:26]} Rd8 {[%emt 0:30:18]} 42. Rf3+ {[%emt 0:00:34]} Ke5 {[%emt 0:00:16]} 43. Re3+ {[%emt 0:00:33]} Kd4 {[%emt 0:00:09]} 44. Bf3 {[%emt 0:00:33]} c5 {[%emt 0:00:26]} 45. Re4+ {[%emt 0:00:25]} Kd3 {[%emt 0:00:09]} 46. b3 {[%emt 0:00:26]} Rf8 {[%emt 0:01:04]} 47. Rc4 {[%emt 0:00:52]} Rf5 {[%emt 0:00:05]} 48. Kg3 {[%emt 0:00:24]} Re5 {[%emt 0:00:06]} 49. Kg4 {[%emt 0:00:13]} 1-0

[Event "LTU-chT 2019"]
[Site "Lithuania"]
[Date "2019.01.26"]
[Round "1"]
[White "Steponavicius, Stasys"]
[Black "Valiunas, Eimutis"]
[Result "*"]
[WhiteElo "2194"]
[BlackElo "1729"]
[Annotator "TA"]
[PlyCount "47"]
[EventDate "2019.01.26"]
[EventType "team-tourn"]
[EventCountry "LTU"]
[SourceTitle "playchess.com"]
[Source "ChessBase"]
[SourceQuality "1"]

{[%evp 16,25,55,18,52,52,59,70,56,64,38,36]} 1. d4 d5 2. c4 c6 3. Nc3 Nf6 4. e3 g6 5. Nf3 Bg7 6. Bd3 O-O 7. O-O dxc4 8. Bxc4 Nbd7 9. Qe2 Qc7 {D94: Grünfeld: 4 Nf3 Bg7 5 e3} (9... Nb6 10. Bb3 Bg4 11. h3 Bxf3 12. Qxf3 Nfd7 13. Rd1 a5 14. a3 e6 15. Bd2 Qe7 16. Rac1 Rfd8 17. Ne4 {½-½ (66) Golod,V (2561)-Gupta,A (2643) New Delhi 2012}) 10. e4 {White is slightly better.} e5 11. dxe5 Nxe5 12. Nxe5 Qxe5 13. f4 {Predecessor:} Qe7 $146 14. e5 Ng4 15. Ne4 Nh6 16. Be3 b6 17. h3 Nf5 18. Bf2 c5 19. g4 Nd4 20. Bxd4 cxd4 21. Nd6 g5 22. Qe4 Rb8 23. Bd3 f5 24. gxf5 {1-0 (24) Bates,C (2167)-Crouch,C (2362) London 2013} *

[Event "LTU-chT 2019"]
[Site "Lithuania"]
[Date "2019.01.26"]
[Round "1"]
[White "Salna, Aleksandras"]
[Black "Kazakovskiy, Valeriy"]
[Result "0-1"]
[WhiteElo "1955"]
[BlackElo "2456"]
[Annotator "ChessBase"]
[PlyCount "70"]
[EventDate "2019.01.26"]
[EventType "team-tourn"]
[EventCountry "LTU"]
[SourceTitle "playchess.com"]
[Source "ChessBase"]
[SourceQuality "1"]
[TimeControl "40/5400+30:1800+30"]

1. d4 {[%emt 0:00:00]} Nf6 {[%emt 0:00:00]} 2. Bf4 {[%emt 0:00:25]} e6 {[%emt 0:00:07]} 3. e3 {[%emt 0:00:25]} b6 {[%emt 0:00:23]} 4. Nf3 {[%emt 0:01:23]} Be7 {[%emt 0:00:22]} 5. h3 {[%emt 0:00:34]} O-O {[%emt 0:00:21]} 6. Bd3 {[%emt 0:01:00]} c5 {[%emt 0:00:16]} 7. c3 {[%emt 0:00:11]} cxd4 {[%emt 0:00:25]} 8. cxd4 {[%emt 0:01:50]} Nd5 {[%emt 0:12:06]} 9. O-O {[%emt 0:02:47]} Nxf4 {[%emt 0:01:05]} 10. exf4 {[%emt 0:00:07]} Bb7 {[%emt 0:03:30]} 11. Nc3 {[%emt 0:02:12]} Nc6 {[%emt 0:03:14]} 12. a3 {[%emt 0:02:38]} Bf6 {[%emt 0:09:58]} 13. d5 {[%emt 0:03:29]} Ne7 {[%emt 0:04:37]} 14. d6 {[%emt 0:12:32]} Nd5 {[%emt 0:11:16]} 15. Nxd5 {[%emt 0:03:54]} Bxd5 {[%emt 0:00:17]} 16. Rc1 {[%emt 0:04:02]} g6 {[%emt 0:04:53]} 17. Qe2 {[%emt 0:10:16]} Bxf3 {[%emt 0:10:24]} 18. gxf3 {[%emt 0:00:34]} Rc8 {[%emt 0:03:43]} 19. Ba6 {[%emt 0:17:45]} Rc6 {[%emt 0:07:01]} 20. Rfd1 {[%emt 0:01:29]} Qa8 {[%emt 0:02:16]} 21. Qe4 {[%emt 0:04:52]} Bxb2 {[%emt 0:01:30]} 22. Rxc6 {[%emt 0:00:11]} Qxc6 {[%emt 0:00:59]} 23. Qxc6 {[%emt 0:00:16]} dxc6 {[%emt 0:00:02]} 24. a4 {[%emt 0:00:31]} Rd8 {[%emt 0:01:33]} 25. Bb7 {[%emt 0:01:19]} c5 {[%emt 0:01:09]} 26. Ba6 {[%emt 0:00:05]} Bd4 {[%emt 0:00:11]} 27. f5 {[%emt 0:02:09]} gxf5 {[%emt 0:00:31]} 28. Kf1 {[%emt 0:00:07]} Rxd6 {[%emt 0:00:23]} 29. Ke2 {[%emt 0:00:07]} Rd8 {[%emt 0:00:50]} 30. Rb1 {[%emt 0:00:25]} Kg7 {[%emt 0:00:27]} 31. Bd3 {[%emt 0:00:38]} Bxf2 {[%emt 0:00:24]} 32. Bxf5 {[%emt 0:00:17]} exf5 {[%emt 0:00:29]} 33. Kxf2 {[%emt 0:00:04]} Kf6 {[%emt 0:01:11]} 34. a5 {[%emt 0:00:14]} Rd6 {[%emt 0:00:07]} 35. a6 {[%emt 0:00:26]} Rd2+ {[%emt 0:00:07]} 0-1

[Event "LTU-chT 2019"]
[Site "Lithuania"]
[Date "2019.01.26"]
[Round "1"]
[White "Boyajyan, David"]
[Black "Pilipuitis, Mantas"]
[Result "*"]
[WhiteElo "1890"]
[BlackElo "1825"]
[Annotator "NA RC"]
[PlyCount "22"]
[EventDate "2019.01.26"]
[EventType "team-tourn"]
[EventCountry "LTU"]
[SourceTitle "playchess.com"]
[Source "ChessBase"]
[SourceQuality "1"]
[TimeControl "40/5400+30:1800+30"]

1. d4 {[%emt 0:00:00]} Nf6 {[%emt 0:00:00]} 2. c4 {[%emt 0:00:00]} g6 {[%emt 0:00:00]} 3. Nc3 {[%emt 0:00:13]} d5 {[%emt 0:00:04]} 4. Nf3 {[%emt 0:02:20]} Bg7 {[%emt 0:00:12]} 5. Bg5 {[%emt 0:00:06]} Ne4 {[%emt 0:00:23]} 6. cxd5 {[%emt 0:00:11]} Nxg5 {[%emt 0:00:16]} 7. Nxg5 {[%emt 0:00:02]} e6 {[%emt 0:00:21]} 8. Nf3 {[%emt 0:00:03]} exd5 {[%emt 0:00:08]} 9. e3 {[%emt 0:00:29]} O-O {[%emt 0:00:47]} 10. Bd3 {[%emt 0:00:05]} Be6 {[%emt 0:04:07]} 11. O-O {[%emt 0:01:26]} Nd7 {[%emt 0:00:54]} *

[Event "LTU-chT 2019"]
[Site "Lithuania"]
[Date "2019.01.26"]
[Round "1"]
[White "Vardanyan, Aras"]
[Black "Juksta, Karolis"]
[Result "1-0"]
[WhiteElo "1884"]
[BlackElo "2285"]
[Annotator "NA"]
[PlyCount "85"]
[EventDate "2019.01.26"]
[EventType "team-tourn"]
[EventCountry "LTU"]
[SourceTitle "playchess.com"]
[Source "ChessBase"]
[SourceQuality "1"]
[TimeControl "40/5400+30:1800+30"]

1. d4 {[%emt 0:00:00]} e6 {[%emt 0:00:00]} 2. c4 {[%emt 0:00:07]} d5 {[%emt 0:02:49]} 3. Nc3 {[%emt 0:00:39]} Nf6 {[%emt 0:00:06]} 4. cxd5 {[%emt 0:00:19]} exd5 {[%emt 0:00:06]} 5. Bg5 {[%emt 0:00:06]} Nbd7 {[%emt 0:00:10]} 6. e3 {[%emt 0:00:48]} c6 {[%emt 0:00:06]} 7. Bd3 {[%emt 0:00:11]} h6 {[%emt 0:00:10]} 8. Bf4 {[%emt 0:01:48]} Nb6 {[%emt 0:00:20]} 9. Nge2 {[%emt 0:01:40]} Bd6 {[%emt 0:00:30]} 10. O-O {[%emt 0:00:49]} O-O {[%emt 0:00:16]} 11. Qd2 {[%emt 0:05:30]} Be6 {[%emt 0:01:45]} 12. f3 {[%emt 0:02:29]} Bxf4 {[%emt 0:19:41]} 13. Nxf4 {[%emt 0:04:04]} Qd6 {[%emt 0:00:44]} 14. Qf2 {[%emt 0:09:18]} Rfe8 {[%emt 0:02:12]} 15. Qg3 {[%emt 0:10:04]} Rad8 {[%emt 0:01:27]} 16. Rae1 {[%emt 0:00:29]} a6 $14 {[%emt 0:10:30]} 17. a3 {[%emt 0:03:49]} Nc8 {[%emt 0:03:04]} 18. Na4 {[%emt 0:04:47]} Ne7 {[%emt 0:20:26]} 19. Nxe6 {[%emt 0:04:54]} Qxe6 {[%emt 0:00:39]} 20. Nc5 {[%emt 0:00:46]} Qc8 {[%emt 0:00:13]} 21. e4 {[%emt 0:02:03]} Nd7 {[%emt 0:14:26]} 22. b4 {[%emt 0:07:58]} Nxc5 {[%emt 0:01:13]} 23. dxc5 {[%emt 0:02:40]} dxe4 {[%emt 0:01:43]} 24. fxe4 {[%emt 0:00:57]} Ng6 {[%emt 0:06:59]} 25. e5 {[%emt 0:05:23]} Nxe5 {[%emt 0:01:37]} 26. Bxa6 {[%emt 0:00:21]} f6 {[%emt 0:06:54]} 27. Qb3+ {[%emt 0:01:35]} Kh8 {[%emt 0:00:08]} 28. Be2 {[%emt 0:00:05]} Rd2 {[%emt 0:01:06]} 29. Qe3 {[%emt 0:04:46]} Red8 {[%emt 0:01:40]} 30. Rxf6 {[%emt 0:02:44]} gxf6 {[%emt 0:02:19]} 31. Qxh6+ {[%emt 0:00:05]} Kg8 {[%emt 0:00:11]} 32. Bc4+ {[%emt 0:00:05]} R8d5 {[%emt 0:01:44]} 33. Bxd5+ {[%emt 0:03:39]} Rxd5 {[%emt 0:00:01]} 34. Qxf6 {[%emt 0:00:08]} Qg4 {[%emt 0:00:31]} 35. h3 {[%emt 0:00:22]} Qg3 {[%emt 0:00:56]} 36. Rf1 {[%emt 0:01:23]} Qg7 {[%emt 0:00:22]} 37. Qe6+ {[%emt 0:00:08]} Kh7 {[%emt 0:00:11]} 38. Rf5 {[%emt 0:02:14]} Qc7 {[%emt 0:01:08]} 39. Rh5+ {[%emt 0:00:41]} Kg7 {[%emt 0:00:02]} 40. Rg5+ {[%emt 0:00:15]} Kh7 {[%emt 0:00:12]} 41. Rh5+ {[%emt 0:33:10]} Kg7 {[%emt 0:30:02]} 42. Qh6+ {[%emt 0:00:10]} Kg8 {[%emt 0:00:11]} 43. Rg5+ {[%emt 0:00:06]} 1-0

[Event "LTU-chT 2019"]
[Site "Lithuania"]
[Date "2019.01.26"]
[Round "1"]
[White "Uoka, Virginijus"]
[Black "Bieliauskas, Marius"]
[Result "*"]
[WhiteElo "1255"]
[BlackElo "2183"]
[Annotator "TA"]
[PlyCount "26"]
[EventDate "2019.01.26"]
[EventType "team-tourn"]
[EventCountry "LTU"]
[SourceTitle "playchess.com"]
[Source "ChessBase"]
[SourceQuality "1"]

{[%evp 9,16,27,26,16,14,4,33,21,25]} 1. e4 c5 2. Nf3 e6 3. d4 cxd4 4. Nxd4 a6 5. Bd3 Bc5 6. Nf3 {B42: Sicilian: Kan Variation: 5 Bd3} (6. Nb3 Be7 7. Qg4 g6 8. Qe2 d6 9. a4 Nc6 10. O-O Ne5 11. Kh1 Nf6 12. Nc3 Bd7 13. f4 Nxd3 14. cxd3 O-O 15. Be3 b5 16. a5 {1-0 (48) Aronian,L (2764)-Caruana,F (2816) Paris 2018}) 6... Nc6 7. O-O Qc7 8. Qe2 Nf6 {Predecessor:} 9. Be3 $146 Bxe3 10. Qxe3 O-O 11. a3 Ng4 12. Qg5 Nce5 13. Nxe5 Nxe5 {0-1 (51) De Sousa,G (1835)-Oliveira,F (2117) Sao Sebastiao 2013} *

[Event "LTU-chT 2019"]
[Site "Lithuania"]
[Date "2019.01.27"]
[Round "2"]
[White "Sulskis, Sarunas"]
[Black "Chocenka, Dmitrijus"]
[Result "1-0"]
[WhiteElo "2529"]
[BlackElo "2287"]
[Annotator "TA"]
[PlyCount "71"]
[EventDate "2019.01.26"]
[EventType "team-tourn"]
[EventCountry "LTU"]
[SourceTitle "playchess.com"]
[Source "ChessBase"]
[SourceQuality "1"]

{[%evp 12,71,10,9,10,0,31,-24,-17,-60,-48,-66,-67,-63,-29,-17,-21,-21,-30,-37,0,-14,0,0,0,0,106,108,107,101,112,104,117,109,121,133,222,200,277,265,268,241,362,348,355,353,369,359,402,411,458,466,482,506,783,751,696,740,724,679,805,721]} 1. e4 c5 2. Nf3 e6 3. b3 Nf6 4. e5 Nd5 5. Bb2 Nc6 6. Bb5 Be7 7. O-O O-O {B40: Sicilian: 2...e6, Unusual lines} 8. Bxc6 bxc6 9. Na3 ({White should try} 9. Nc3 $14) 9... f6 {Black has an edge.} 10. exf6 $146 ({Predecessor:} 10. Nc4 fxe5 11. Nfxe5 Qc7 12. f4 Bf6 13. Qh5 Ba6 14. Qh3 Bxc4 15. bxc4 Nxf4 {0-1 (35) Barrientos Chavarriaga,S (2516)-Rios,C (2405) Cali 2010}) 10... Bxf6 11. Bxf6 Qxf6 12. Nc4 Qe7 13. d3 d6 14. d4 cxd4 15. Nxd4 Bd7 16. Qd2 e5 {[#]} 17. Nb5 $1 {[%mdl 512]} Rf6 (17... cxb5 18. Qxd5+) 18. Nbxd6 {Black must now prevent Ne4.} Rxd6 (18... Rh6 $1 $11 19. f3 Rxd6 20. Nxd6 Qxd6) 19. Nxd6 $16 Qxd6 20. c4 {Threatens to win with Rad1.} Qb4 21. Qe1 Qxe1 22. Rfxe1 Nf4 23. Rad1 {[%mdl 1024] White has strong compensation.} Be6 (23... Be8 $16 {might work better.}) 24. Rxe5 $18 Kf7 25. Rd6 Re8 26. h4 {[%cal Bh2h4,Bh4h5][%mdl 32]} Kf6 (26... Ng6 $142 27. Ra5 Ne7 28. Rxa7 Rc8) 27. Re4 Ng6 28. Rxc6 Nf8 29. b4 {[%cal Bb3b4,Bb4b5][%mdl 32]} Rd8 30. b5 h6 31. h5 {White is clearly winning.} Rd1+ 32. Kh2 Rd2 (32... Rd7 $142 33. Rf4+ Ke7 34. Rxf8 Bxc4) 33. Rf4+ Ke7 {[#]} 34. Rxf8 $1 {[%mdl 576] Remove Defender, Deflection} Kxf8 35. Rxe6 Rxf2 36. Ra6 {Accuracy: White = 81%, Black = 41%.} 1-0

[Event "LTU-chT 2019"]
[Site "Lithuania"]
[Date "2019.01.27"]
[Round "2"]
[White "Kazakovskiy, Valeriy"]
[Black "Zukauskas, Arnas Povilas"]
[Result "1-0"]
[WhiteElo "2456"]
[BlackElo "2108"]
[Annotator "TA"]
[PlyCount "79"]
[EventDate "2019.01.26"]
[EventType "team-tourn"]
[EventCountry "LTU"]
[SourceTitle "playchess.com"]
[Source "ChessBase"]
[SourceQuality "1"]

{[%evp 19,79,36,37,33,95,86,96,89,106,105,106,87,90,70,84,64,57,59,91,80,98,98,114,114,107,68,72,65,87,85,105,89,155,137,150,97,217,212,389,337,326,171,233,229,239,173,152,133,276,233,359,318,456,464,438,441,1602,1472,5781,5406,1935,1920]} 1. d4 Nf6 2. Nf3 g6 3. c4 Bg7 4. g3 O-O 5. Bg2 d6 6. O-O Nbd7 7. Nc3 c6 8. e4 Qc7 9. h3 e5 10. Re1 Re8 11. d5 {E69: King's Indian: Fianchetto: 6...Nbd7 7 0-0 e5 8 e4 c6 9 h3} c5 (11... b6 $14) 12. a3 a6 13. Bf1 {White is better.} Nf8 $146 ({Predecessor:} 13... h6 14. Be3 Kh7 15. Kh2 Ng8 16. Bd3 Rf8 17. g4 Ne7 18. Rg1 g5 {0-1 (64) Morchiashvili,B (2412)-Gamzardia,G (2139) Tbilisi 2009}) 14. b4 b6 15. Bd2 Bd7 16. Qc2 Reb8 17. Reb1 Qc8 18. Kh2 h6 19. Rb2 Nh5 20. Rab1 f5 21. bxc5 bxc5 22. Rb6 Rxb6 23. Rxb6 Qc7 24. Qb3 Nf6 25. exf5 gxf5 (25... Bxf5 $142 26. g4 Bc8) 26. Nh4 Ne8 27. a4 (27. Be2 $142) 27... Kh7 (27... Bf6 $16) 28. Qb1 $18 Ng6 $2 (28... e4 29. f3 e3) 29. Nxg6 Kxg6 30. a5 (30. Rb7 Qd8 $18) (30. Bd3 $142) 30... h5 (30... Kh7 $142 31. g4 Qd8 32. gxf5 Qf6) 31. Be2 ({Don't take} 31. Rb7 $6 Qd8) 31... Nf6 32. f4 ({Don't play} 32. Rb7 $6 Qd8) 32... e4 33. Nd1 Bf8 (33... Ne8 $16 {keeps fighting.} 34. Ne3 Bd4) 34. Ne3 Be7 (34... Bc8 $142 35. Bc3 Qf7) 35. Bc3 ({Weaker is} 35. Rb7 Qd8 $16) 35... Qd8 (35... Bc8 {might work better.} 36. g4 fxg4 37. hxg4 hxg4) 36. Bxf6 {[%mdl 64] [#] Overworked Piece. White is clearly winning.} Bxf6 37. Rxd6 Qxa5 (37... Rb8 $142 38. Rb6 Ra8) 38. Qb2 Qd8 {[#]} 39. Bxh5+ $1 {[%mdl 512]} Kg7 (39... Kxh5 40. Rxf6) 40. Qb7 {[%mdl 64] Double Attack. Accuracy: White = 69%, Black = 32%.} 1-0

[Event "LTU-chT 2019"]
[Site "Lithuania"]
[Date "2019.01.27"]
[Round "2"]
[White "Pultinevicius, Paulius"]
[Black "Malisauskas, Vidmantas"]
[Result "1/2-1/2"]
[WhiteElo "2434"]
[BlackElo "2451"]
[Annotator "TA"]
[PlyCount "90"]
[EventDate "2019.01.26"]
[EventType "team-tourn"]
[EventCountry "LTU"]
[SourceTitle "playchess.com"]
[Source "ChessBase"]
[SourceQuality "1"]

{[%evp 9,90,-14,11,-10,5,10,12,8,23,24,23,21,39,37,42,44,92,72,94,94,92,67,127,71,72,71,74,72,72,68,74,42,61,48,61,55,92,29,23,25,46,19,62,0,14,7,21,0,5,5,22,0,0,0,0,0,0,0,0,0,0,0,0,0,0,0,0,0,0,0,0,0,0,0,0,0,0,-70,0,0,0,0,0]} 1. d4 d5 $146 (1... Nf6 2. Nf3 {½-½ (72) Kamsky,G (2676)-Jakovenko,D (2710) Sochi 2017}) ({Predecessor:} 1... Nf6 2. c4 c6 3. Nc3 d5 4. cxd5 cxd5 5. Bf4 e6 6. Nf3 Bd6 7. Bg3 O-O 8. e3 Ne4 {½-½ (45) Fiedler,B-Michalek,F Karvina 1988}) 2. Nf3 Nf6 3. Bf4 e6 4. Nbd2 Bd6 5. Bg3 c5 6. c3 {D02: 1 d4 d5 2 Nf3 sidelines, including 2...Nf6 3 g3 and 2...Nf6 3 Bf4} (6. e3 Nc6 7. c3 O-O 8. Bd3 b6 9. e4 Be7 10. e5 Nh5 11. Qe2 c4 12. Bc2 b5 13. a3 a5 14. Ng5 Bxg5 15. Qxh5 g6 16. Qe2 f5 17. exf6 Qxf6 {½-½ (72) Kamsky,G (2676)-Jakovenko,D (2710) Sochi 2017}) 6... cxd4 7. cxd4 O-O 8. e3 Ne4 9. Nxe4 dxe4 10. Nd2 Bb4 ({Predecessor:} 10... f5 11. Bc4 Nc6 12. O-O Kh8 13. Bxd6 Qxd6 14. f3 exf3 15. Nxf3 {½-½ (45) Fiedler,B-Michalek,F Karvina 1988}) 11. a3 Bxd2+ $1 12. Qxd2 b6 13. Rc1 Bb7 14. Rc7 Bd5 15. Qc2 a5 (15... Nd7 $14) 16. Be2 (16. Bb5 $142) 16... Na6 $16 {[%cal Bb8a6,Ba6b4,Bb4a2][%mdl 32]} 17. Rc3 Qd7 18. O-O b5 {next ...b4 is good for Black.} 19. Qd2 b4 20. axb4 Nxb4 21. Rc7 Qa4 22. Rfc1 Na2 {[#]} 23. Ra1 (23. R1c5 $1 $16) 23... Rfc8 $11 24. Rc5 Qb3 25. h4 h6 26. h5 (26. f3 $14) 26... Rxc5 27. dxc5 a4 28. Be5 f6 29. Bd6 Kh7 30. Qd4 a3 31. bxa3 Nc3 32. Qd2 $1 Rxa3 33. Rxa3 Qxa3 34. Bg4 Kg8 35. Qc2 Kf7 36. Kh2 Ke8 37. Bh3 Kf7 38. f3 Qb4 39. Qf2 Kg8 40. Qg3 exf3 41. gxf3 Ne2 42. Qg2 Qd2 43. e4 (43. Qf2 $11) 43... e5 (43... Bc4 $15) 44. exd5 {[#] Be6+ is the strong threat.} Qf4+ $1 45. Kh1 Qc1+ {Accuracy: White = 52%, Black = 60%.} 1/2-1/2

[Event "LTU-chT 2019"]
[Site "Lithuania"]
[Date "2019.01.27"]
[Round "2"]
[White "Bucinskas, Valdas"]
[Black "Bieliauskas, Marius"]
[Result "1/2-1/2"]
[WhiteElo "2297"]
[BlackElo "2183"]
[Annotator "NA"]
[PlyCount "62"]
[EventDate "2019.01.26"]
[EventType "team-tourn"]
[EventCountry "LTU"]
[SourceTitle "playchess.com"]
[Source "ChessBase"]
[SourceQuality "1"]
[TimeControl "40/5400+30:1800+30"]

{[%evp 8,61,6,14,9,33,33,32,33,21,20,0,35,31,27,42,43,46,51,52,46,44,44,47,44,22,41,32767,32767,32767,32767,32767,33,32767,16,32767,25,4,17,0,32767,32767,-15,0,0,32767,0,0,32767,0,0,0,0,0,0,0]} 1. e4 c5 {[%emt 0:00:09]} 2. Nf3 {[%emt 0:00:00]} Nc6 {[%emt 0:01:19]} 3. d4 {[%emt 0:00:05]} cxd4 {[%emt 0:00:04]} 4. Nxd4 {[%emt 0:00:06]} e5 {[%emt 0:02:18]} 5. Nb5 {[%emt 0:01:04]} d6 {[%emt 0:00:11]} 6. c4 {[%emt 0:01:54]} Be7 {[%emt 0:01:30]} 7. N1c3 {[%emt 0:05:14]} a6 {[%emt 0:01:41]} 8. Na3 {[%emt 0:00:06]} Be6 {[%emt 0:06:01]} 9. Nc2 {[%emt 0:04:12]} Bg5 {[%emt 0:02:12]} 10. Be2 {[%emt 0:05:31]} Bxc1 {[%emt 0:01:13]} 11. Rxc1 {[%emt 0:00:06]} Nf6 {[%emt 0:00:15]} 12. O-O {[%emt 0:00:14]} Rc8 {[%emt 0:01:10]} 13. Qd2 {[%emt 0:02:04]} O-O {[%emt 0:02:34]} 14. Rfd1 {[%emt 0:01:03] B32: Sicilian: Löwenthal and Kalashnikov Variations} Qb6 {[%emt 0:02:14]} 15. b3 {[%emt 0:09:05]} Rfd8 {[%emt 0:03:11]} 16. Qe3 {[%emt 0:04:46] LiveBook: 3 Games} Qxe3 {[%emt 0:03:40]} 17. Nxe3 {[%emt 0:00:08]} Nd4 {[%emt 0:00:58] [#]} 18. Bf1 $146 {[%emt 0:06:37]} ({Predecessor:} 18. Kf1 Kf8 19. Nc2 Nxc2 20. Rxc2 Ke7 21. Rcc1 Rc6 22. f3 Rdc8 {½-½ (47) Svetushkin,D (2588)-Bacrot,E (2705) Calvi 2013}) 18... Kf8 {[%emt 0:00:56]} 19. f3 {[%emt 0:05:41]} Ke7 {[%emt 0:05:46]} 20. Nc2 {[%emt 0:02:31]} Nxc2 {[%emt 0:02:29]} 21. Rxc2 {[%emt 0:00:07]} Rc6 {[%emt 0:01:20]} 22. a4 {[%emt 0:14:39]} a5 {[%emt 0:15:46]} 23. h4 {[%emt 0:08:45]} Nd7 {[%emt 0:02:09]} 24. g3 {[%emt 0:03:23]} Nc5 {[%emt 0:01:26]} 25. Rb2 {[%emt 0:00:56]} g6 {[%emt 0:04:43]} 26. Kh2 {[%emt 0:01:04]} Rb6 {[%emt 0:03:01]} 27. Nb5 {[%emt 0:02:12]} f5 {[%emt 0:03:05]} 28. Bd3 {[%emt 0:03:44]} Rf8 {[%emt 0:05:41]} 29. exf5 {[%emt 0:03:05]} gxf5 {[%emt 0:04:04]} 30. Bc2 {[%emt 0:00:09]} h6 {[%emt 0:06:55]} 31. Rbb1 $11 {[%emt 0:00:45]} Rd8 {[%emt 0:02:03]} 1/2-1/2